Las nueve de la noche (Record no. 154475)
[ view plain ]
| 000 -LEADER | |
|---|---|
| campo de control de longitud fija | 01073nam a22002055i 4500 |
| 001 - NÚMERO DE CONTROL | |
| campo de control | 154475 |
| 003 - IDENTIFICADOR DE NÚMERO DE CONTROL | |
| campo de control | ES-MaACL |
| 005 - FECHA Y HORA DE LA ÚLTIMA TRANSACCIÓN | |
| campo de control | 20230906205738.0 |
| 008 - DATOS DE LONGITUD FIJA--INFORMACIÓN GENERAL | |
| campo de control de longitud fija | 000119s1875 sp |||| | spa d |
| 040 ## - FUENTE DE CATALOGACIÓN | |
| Centro catalogador/agencia de origen | CAM |
| Lengua de catalogación | spa |
| Centro/agencia transcriptor | CAM |
| 100 1# - ENTRADA PRINCIPAL--NOMBRE DE PERSONA | |
| Nombre de persona | Gómez Trigo, Gaspar. |
| 9 (RLIN) | 127707 |
| 245 14 - MENCIÓN DEL TÍTULO | |
| Título | Las nueve de la noche |
| Resto del título | : zarzuela en tres actos / |
| Mención de responsabilidad, etc. | compuesta por Gaspar Gómez Trigo y Francisco Bermejo Caballero ; música de los maestros Manuel Fernández Caballero y José Casares. |
| 260 ## - PUBLICACIÓN, DISTRIBUCIÓN, ETC. | |
| Lugar de publicación, distribución, etc. | Madrid : |
| Nombre del editor, distribuidor, etc. | [s.n.], |
| Fecha de publicación, distribución, etc. | 1875 ( |
| Lugar de fabricación/manufactura | Imprenta de Manuel G. Fernández) |
| 300 ## - DESCRIPCIÓN FÍSICA | |
| Extensión | 80 p. ; |
| Dimensiones | 19 cm. |
| 500 #1 - NOTA GENERAL | |
| Nota general | Representada por primera vez en el Teatro de la Zarzuela el 19 de octubre de 1875. |
| 700 21 - ENTRADA AGREGADA--NOMBRE PERSONAL | |
| Nombre de persona | Bermejo Caballero, Francisco. |
| 9 (RLIN) | 125939 |
| 700 0# - ENTRADA AGREGADA--NOMBRE PERSONAL | |
| Nombre de persona | Fernández Caballero, Manuel. |
| 9 (RLIN) | 49531 |
| 700 1# - ENTRADA AGREGADA--NOMBRE PERSONAL | |
| Nombre de persona | Casares, José. |
| 9 (RLIN) | 126370 |
| 852 ## - LOCALIZACIÓN | |
| Ubicación | ES-MaACL |
| Número de control de estantería | F-8552(2) |
| Nota libre | -- Enc. pasta española |
| -- | -- An. ms.: ded. de Francisco Bermejo Caballero a Julia Ganet |
| condición física | -- Falto de la cub. original |
| Nota libre | -- Enc. en un vol. facticio, formando parte de la col. facticia "Teatro español moderno", v.4 |
| Estatus retirado | Estado de pérdida | Estado de daño | No para préstamo | Colección | Biblioteca de origen | Biblioteca actual | Ubicación en estantería | Fecha de adquisición | Total de préstamos | Signatura topográfica completa | Código de barras | Visto por última vez | Precio de reemplazo | Tipo de ítem Koha |
|---|---|---|---|---|---|---|---|---|---|---|---|---|---|---|
| Libros del s. XIX | Biblioteca del Ateneo de Madrid | Biblioteca del Ateneo de Madrid | Sala Pecera Planta 2 | 17/01/2008 | F-8552(2) | 1161549 | 23/02/2023 | 23/02/2023 | Libro impreso antiguo |
